01238nam a2200277Ia 4500001000700000008004100007020001800048082002200066245017800088250001100266260004300277300001600320500010700336503001700443504002700460650003500487650004200522650004500564700012200609901002200731902000600753905006300759942000600822999001900828952011300847Z_6377220601s9999 xx 000 0 und d a968-25-1641-2 a636.0824 E53 1991 aEndocrinología veterinaría y reproducción / editores L. E. McDonald y M. H. Pineda; traducción Eliane Casenave Isoard; revisión técnica Oscar García Llampallas a4a ed. aMéxico : McGraw-Hill. Interamericana axiv, 551 p. aTraducción de la obra en inglés: Veterinary endocrinology and reproduction 4a ed. / L. E. McDonald aej.1: 167219 aIncluye bibliografía a1.Reproduccion animal 9178068 aEndocrinología veterinaria 9138395 aAnimales domésticos -- Reproducción  aMcDonald, L. E., ed. \Pineda, M. H., ed. \ Casenave Isoard, Eliane, tr. \ García Llampallas, Oscar, rev.Ì9183614 a636.0824 E53 1991 aM a5232271991 mx amn 8221113311spa16 c1 c217125d217125 00102ddc40708GRALaZbZc1d2013-09-04l1pz_1869r2025-01-28 14:31:53s2025-01-28t1w2022-06-02yLIBRO